书目信息 |
| 题名: |
水暖工
|
|
| 作者: | 姬海君 主编 | |
| 分册: | ||
| 出版信息: | 北京 机械工业出版社 2005.03 |
|
| 页数: | 130页 | |
| 开本: | 24cm | |
| 丛书名: | 金桥丛书 | |
| 单 册: | ||
| 中图分类: | TU832 | |
| 科图分类: | ||
| 主题词: | 水暖工--shui nuan gong--图解 | |
| 电子资源: | ||
| ISBN: | 7-111-16109-2 | |
| 000 | 00866nam 2200253 450 | |
| 001 | 012006194082 | |
| 005 | 20060921155744.56 | |
| 010 | @a7-111-16109-2@dCNY15.00 | |
| 100 | @a20060625d2005 km y0chiy0120 ea | |
| 101 | 0 | @achi |
| 102 | @aCN@b110000 | |
| 105 | @aa a 000yy | |
| 200 | 1 | @a水暖工@Ashui nuan gong@f姬海君主编@Fji hai jun zhu bian |
| 210 | @a北京@c机械工业出版社@d2005.03 | |
| 215 | @a130页@c图@d24cm | |
| 225 | 2 | @a金桥丛书@Ajin qiao cong shu@e图解建筑施工 |
| 320 | @a有书目。 | |
| 330 | @a本书以水暖工的实际操作技术为主线,采用图文结合的方式,主要介绍了水暖工基本操作技术、建筑给排水系统、建筑采暖系统和燃气供应及水暖工质量验收等方面的内容。 | |
| 410 | 0 | @12001 @a金桥丛书 |
| 606 | 0 | @a水暖工@Ashui nuan gong@j图解 |
| 690 | @aTU832@v4 | |
| 701 | 0 | @a姬海君@Aji hai jun@4主编 |
| 801 | 0 | @aCN@bQSSK@c20060921 |
| 905 | @a10447@dTU832@eJ036 | |
| 水暖工/姬海君主编.-北京:机械工业出版社,2005.03 |
| 130页:图;24cm.-(金桥丛书:图解建筑施工) |
| ISBN 7-111-16109-2:CNY15.00 |
| 本书以水暖工的实际操作技术为主线,采用图文结合的方式,主要介绍了水暖工基本操作技术、建筑给排水系统、建筑采暖系统和燃气供应及水暖工质量验收等方面的内容。 |
| ● |
| 相关链接 |
|
|
|
正题名:水暖工
索取号:TU832/J036
 
预约/预借
| 序号 | 登录号 | 条形码 | 馆藏地/架位号 | 状态 | 备注 |
| 1 | 591215 | 205912155 | 建筑库201/201建筑库 52排1列5层/ [索取号:TU832/J036] | 在馆 | |
| 2 | 591216 | 205912164 | 建筑库201/201建筑库 52排1列5层/ [索取号:TU832/J036] | 在馆 | |
| 3 | 591217 | 205912173 | 建筑库201/201建筑库 52排1列5层/ [索取号:TU832/J036] | 在馆 |